Brawl Star - Brawler invocateur - Statistiques

Statistiques générales
  • Ce quiz a été pris 97 fois
    71 depuis la dernière actualisation
  • Le résultat moyen est 11 sur 23
Statistiques - réponses
Rareté Brawler % Correct
Super rare Jessie
98%
Rare Nita
95%
Super rare Penny
79%
Légendaire Meg
65%
Super rare A.R.K.A.D
63%
Légendaire Léon
63%
Super rare Tick
58%
Mythique Tara
56%
Mythique Juju
53%
Épique Larry & Lawrie
53%
Légendaire Spike
51%
Épique Bo
49%
Épique Pam
47%
Mythique Janet
35%
Épique Lola
35%
Épique Ash
30%
Mythique Mr. M
28%
Épique Stu
28%
Mythique Eve
26%
Épique Bea
23%
Mythique R-T
23%
Mythique Charlie
19%
Mythique Medor
16%
Aucun quiz correspondant
Distribution des résultats
% des personnes avec chaque résultat
Percentile par nombre de réponses
Votre historique - résultats
Vous n’avez pas pris ce quiz depuis la dernière actualisation